Central Library OPAC University of Rajshahi

The Zionist idea / (Record no. 27128)

MARC details
000 -LEADER
fixed length control field 00610nam a2200229 a 4500
001 - CONTROL NUMBER
control field 27128
003 - CONTROL NUMBER IDENTIFIER
rucl marc code BD-RjUL
005 - DATE AND TIME OF LATEST TRANSACTION
control field 20211209051121.0
008 - FIXED-LENGTH DATA ELEMENTS--GENERAL INFORMATION
fixed length control field 140324t1949 enk 001 0 eng u
035 ## - SYSTEM CONTROL NUMBER
System control number (BD-RjUL)27199
040 ## - CATALOGING SOURCE
Transcribing agency HUC
Original cataloging agency DLC
Language of cataloging eng
Modifying agency BD-RjUL
041 ## - LANGUAGE CODE
Language code of text/sound track or separate title eng
082 04 - DEWEY DECIMAL CLASSIFICATION NUMBER
Classification number 956.94
Author mark and year HEZ 1949
090 ## - LOCALLY ASSIGNED LC-TYPE CALL NUMBER (OCLC); LOCAL CALL NUMBER (OCLC)
Classification number (OCLC) (R) ; Classification number, CALL (RLIN) (NR) DS149
Local cutter number (OCLC) ; Book number/undivided call number, CALL (RLIN) .H427
100 1# - MAIN ENTRY--PERSONAL NAME
Personal name Heller, Joseph,
Dates associated with a name 1888-1957.
9 (RLIN) 83297
245 14 - TITLE STATEMENT
Title The Zionist idea /
Statement of responsibility, etc. by Joseph Heller.
260 ## - PUBLICATION, DISTRIBUTION, ETC. (IMPRINT)
Place of publication, distribution, etc. New york :
Name of publisher, distributor, etc. Schocken Books,
Date of publication, distribution, etc. c1949.
300 ## - PHYSICAL DESCRIPTION
Pagination vii, 246 p. ;
Size 22 cm.
504 ## - BIBLIOGRAPHY, ETC. NOTE
Bibliography, etc includes index.
650 #0 - SUBJECT ADDED ENTRY--TOPICAL TERM
Topical term or geographic name as entry element Zionism.
9 (RLIN) 71861
942 ## - ADDED ENTRY ELEMENTS (KOHA)
Source of classification or shelving scheme Dewey Decimal Classification
Koha item type Books
Holdings
Lost status Source of classification or shelving scheme Damaged status Not for loan Collection code Permanent Location Current Location Shelving location Date acquired Source of acquisition Cost, normal purchase price Total Checkouts Full call number Date last seen Copy number Koha item type
  Dewey Decimal Classification   Added to bundle Non-fiction Central Library, University of Rajshahi Central Library, University of Rajshahi Reading Room 08/11/1966 A.I Qurashi 12.00   956.94 HEZ 1949 24/03/2014 C-1 Books